| 000 | 00714nam a22002057a 4500 | ||
|---|---|---|---|
| 005 | 20250404144916.0 | ||
| 010 | _aENG-144421 | ||
| 020 |
_a9788197609138 _c600.00 |
||
| 035 | _aEN-127953 | ||
| 037 | _bDBAD | ||
| 082 |
_a954 _21 |
||
| 245 |
_aVikasit Bharat @2047: _bWays Towards Self-Reliance/ _cS. Lingamurthy; Shivkumar M Belli [and] Basavaraj M.S. |
||
| 260 |
_bSamvit Prakashan and Media PVT. LTD _c2021 _aDelhi |
||
| 270 |
_a1585,1654, Madarsa road, Kashmere gate _b Delhi _e 110006 |
||
| 300 |
_a436p.; _c21cm(pb) |
||
| 700 |
_aLingamurthy, S. _eEditor _980326 |
||
| 700 |
_aBelli, Shivkumar M _eEditor _980327 |
||
| 700 |
_aBasavaraj M.S. _eEditor _980328 |
||
| 942 |
_2ddc _cEN _mVIK _h954 |
||
| 999 |
_c210822 _d210822 |
||